BIBLIOTHÈQUE DE LA MAISON DU MEXIQUE

Logo 1 Logo 2

Movimientos sociales e identidades colectivas (Registro nro. 10877)

Detalles MARC
000 -Sello discográfico
campo de control de longitud fija 00946nam a2200277 4500
005 - Identificación de versión
campo de control 20251029094953.0
010 ## - Número Estándar Internacional de Libros (ISBN)
Número (ISBN) 968-36-5375-8
035 ## - Otros números de control del sistema
Número de control del sistema 15628
099 ## - fechas locales
Tipo de ítem Koha LIBRO
100 ## - Datos de procesamiento general
Datos de procesamiento general 20040226d1997 m y1spay5003 ba
101 ## - Idioma del recurso
Idioma del texto, banda sonora, etc. Español; Castellano
105 ## - Campo de datos codificados: Material textual, monográfico
Datos codificados de monografía y 001zy
200 1# - Título y mención de responsabilidad
Título propio Movimientos sociales e identidades colectivas
Designación general del material texto impreso
Otra información del título México en la década de los noventa
Primer mención de responsabilidad Coordinación Segio Zermeño
205 ## - Declaración de edición
Declaración de edición 1a ed
210 ## - Publicación, distribución, etc.
Lugar de publicación, distribución, etc. México
Nombre del editor, distribuidor, etc. Universidad Nacional Autónoma de México, Centro de Investigaciones Interdisciplinarias en Ciencias y Humanidades
-- La Jornada Ediciones
Fecha de publicación, distribución, etc. 1997
215 ## - Descripción física
Designación de material específico y extensión del ítem 342 p
Dimensiones 21 cm
345 ## - Nota de información de adquisición
Fuente de adquisición/dirección de la suscripción [OBSOLETO] Donación de la UNAM
410 #1 - Series
Título Colección La democracia en México
606 ## - Término temático usado como materia
Elemento de entrada Movimientos sociales
Subdivisión geográfica México
Número Koha 1411
660 ## - Código de área geográfica
Código MX
702 ## - Nombre personal - Responsabilidad secundaria
Elemento de entrada Zermeño García Granados
Parte del nombre distinta del elemento de entrada Sergio
Fechas 1947-
Número Koha 131
801 #0 - Fuente de origen
País FR
Agencia cm
Reglas de catalogación (convenciones descriptivas) AFNOR
942 ## - ELEMENTOS DE ENTRADA SECUNDARIOS (KOHA)
Tipo de ítem Koha Libro
Existencias
Estatus retirado Estado de daño Estado de pérdida Fecha de adquisición Biblioteca de origen Biblioteca actual Ubicación en estantería Código de barras Precio de reemplazo Signatura topográfica completa No para préstamo Tipo de ítem Koha Nota pública Nota no pública
      05/08/2025 Casa México Paris Casa México Paris   004141 05/08/2025 324 U58 V.3   Libro 20200707LIV 751145101